| 000 | 02174nam a2200277Ia 4500 | ||
|---|---|---|---|
| 005 | 20240116114419.0 | ||
| 008 | 130821s1936 ck fr edspa | ||
| 040 |
_aCo-BoUCM _bspa _cSandra Yazo _dSandra Yazo |
||
| 041 | 0 | 0 | _aspa |
| 082 | 0 | 4 |
_a079.86 _220 |
| 092 | _aE52N102 | ||
| 100 | 1 |
_aSantos, Eduardo _d1888-1974 _92857 |
|
| 245 | 1 | 0 |
_aPeriodismo _cEduardo, Enrique y Gustavo Santos |
| 260 |
_aBogotá (Colombia) _bEditorial Minerva S. A. _c1936 |
||
| 300 |
_a232 páginas _c18 x 14 cm |
||
| 490 | 0 |
_aBiblioteca Aldeana de Colombia _v69 |
|
| 500 | _aDetalles físicos: Sin encuadernación original. Actualmente: Encuadernación rígida (holandesa) en cartón forrado en papel jaspeado en tono azul. Lomo de tela, con letras y líneas decorativas en dorado. Cortes decorados (jaspeado azul). Guardas. Hoja de cortesía. Portada impresa en una sola tinta. Grabado con el emblema de la Colección. Texto impreso en una sola columna, con diferentes tipos y tamaños de letra. Notas de pie de página. Papel oxidado en bordes de las hojas. En la encuadernación (lomo) se indica una numeración (69). Colección Aldeana de Colombia es una selección de Samper Ortega de Literatura Colombiana | ||
| 505 | 0 | _aLos Santos ; Periodismo: Eduardo Santos: El partido republicano y la unión liberal ; La libertad del elector ; El país y los partidos ; La reforma social ; La aprobación del Protocolo de Río en el Senado de Colombia ; El liberalismo en el poder ; Ante el ultimátum ; La política del liberalismo ; El general Gómez y su régimen -- Enrique Santos: La intervención del clero en las elecciones ; La política y el cleo ; Nuestra actitud ante la excomunión ; Alrededor de la pastoral -- Gustavo Santos: Al margen de la literatura nacional ; Hojas de crítica ; La “Imitación de Cristo” ; El doctor Carlos Umaña | |
| 506 | _aConsulta en sala | ||
| 650 | 7 |
_aPeriodismo colombiano _921342 _ySiglo XX |
|
| 650 | 7 |
_aPolítica y gobierno _922032 |
|
| 690 |
_aPeriodismo _921340 |
||
| 700 | 1 |
_aSantos Montejo, Enrique _d1886-1971 _9179735 |
|
| 700 | 1 |
_aSantos Montejo, Gustavo _d1892-1968 _9179736 |
|
| 942 |
_cLIBRO _a24 _e1 _2LOCAL _hE52N102 _n0 |
||
| 999 |
_c323735 _d323735 |
||